000 00300nam a22001337a 4500
008 170907b xxu||||| |||| 00| 0 eng d
020 _a354018998X
041 _aeng
080 _a72
100 _a41
101 _aNDI
245 _aCOMPUTER INTEGRATED MANUFACTURING
_cSCHEER, A.W
942 _2udc
_cBK
999 _c26547
_d26547